Statistics for -Ment Vocabulary Words #3

Click here to take the quiz!

General Stats

  • This quiz has been taken 142 times
  • The average score is 11 of 20

Answer Stats

hintword% Correct
Nixon dodged this by resigningimpeachment
88%
urban dwellingapartment
86%
the Bible has two of themtestament
79%
sidewalk, in Englandpavement
69%
peaceful satisfaction, wanting nothing morecontentment
68%
trying something to see what the result will beexperiment
66%
printout showing the current amount owing, often issued monthly statement
64%
often a tall pillar acting as a memorialmonument
61%
comedy, film, music, for exampleentertainment
60%
alteration (starts with A)adjustment
58%
ardent, zealous (starts with V)vehement
55%
a judge's decisionjudgement
53%
giving it all up, desertionabandonment
49%
organisation of employees and business affairs (starts with M)management
48%
financial project designed to make more moneyinvestment
44%
something that gets in the wayimpediment
35%
obtaining of equipment or suppliesprocurement
29%
an improvement to somethingenhancement
27%
small communitysettlement
26%
demeanor, conduct (starts with D)deportment
23%

Score Distribution

Percentile by Number Answered

Percent of People with Each Score

Your Score History

You have not taken this quiz